[Event "EU-ch Online U2300 Qual"]
[Site "Chess.com INT"]
[Date "2020.05.25"]
[Round "1"]
[White "Ivanovitch, Nicholas Michael"]
[Black "Oleynik, Alexander"]
[Result "1/2-1/2"]
[WhiteElo "2201"]
[BlackElo "2249"]
[PlyCount "64"]
[EventDate "2020.05.25"]
[EventType "swiss"]
[EventRounds "8"]
[EventCountry "NET"]
[SourceTitle "EXT 2021"]
[Source "ChessBase"]
[SourceDate "2020.10.23"]
[SourceVersion "1"]
[SourceVersionDate "2020.10.23"]
[SourceQuality "1"]

1. Nf3 d5 2. g3 c6 3. Bg2 Nf6 4. 0-0 g6 5. d3 Bg7 6. Re1 0-0 7. Nbd2 Re8 8. e4 dxe4 9. Nxe4 e5 10. Bg5 h6 11. Bxf6 Bxf6 12. Nxf6+ Qxf6 13. Qd2 Kg7 14. Re2 Bg4 15. Re3 Nd7 16. Rae1 a5 17. Qc3 Bxf3 18. Bxf3 h5 19. h4 a4 20. a3 Re7 21. Kg2 Rae8 22. Qb4 b5 23. d4 Nb6 24. Rxe5 Rxe5 25. dxe5 Rxe5 26. Rxe5 Qxe5 27. Bxc6 Nc4 28. Qc3 Qxc3 29. bxc3 Nxa3 30. Kf3 Nxc2 31. Bxb5 a3 32. Bc4 f5 1/2-1/2

[Event "Titled Tuesday intern op 28th Apr"]
[Site "Chess.com INT"]
[Date "2020.04.28"]
[Round "1"]
[White "Yashmetov, Mikhail"]
[Black "Ivanovitch, Nicholas Michael"]
[Result "1-0"]
[WhiteElo "2298"]
[BlackElo "2201"]
[PlyCount "117"]
[EventDate "2020.04.28"]
[EventType "swiss (blitz)"]
[EventRounds "10"]
[EventCountry "USA"]
[SourceTitle "EXT 2021"]
[Source "ChessBase"]
[SourceDate "2020.10.23"]
[SourceVersion "1"]
[SourceVersionDate "2020.10.23"]
[SourceQuality "1"]

1. e4 c5 2. Nf3 e6 3. g3 Nc6 4. Bg2 d5 5. exd5 exd5 6. 0-0 Nf6 7. d4 Be7 8. dxc5 0-0 9. Nbd2 Bxc5 10. Nb3 Bd6 11. c3 Bf5 12. Bg5 Be4 13. Nbd2 h6 14. Nxe4 dxe4 15. Bxf6 Qxf6 16. Nd2 Rad8 17. Nxe4 Qe6 18. Qb3 b6 19. Qxe6 fxe6 20. Rfe1 Be7 21. h4 Ne5 22. Rad1 Nd3 23. Re2 Nf4 24. Red2 Rxd2 25. Rxd2 Nxg2 26. Kxg2 Rd8 27. Rxd8+ Bxd8 28. f4 Be7 29. Kf3 Kf7 30. Nf2 a6 31. Nd3 Kf6 32. Ne5 b5 33. g4 Bd6 34. Ke4 Ke7 35. g5 h5 36. f5 exf5+ 37. Kxf5 Ke8 38. Nf3 Bc5 39. Kg6 Kf8 40. Kxh5 Bd6 41. Kg6 Bf4 42. b3 Bd6 43. h5 Bf4 44. Kf5 Bd6 45. Ke6 Bf4 46. c4 Be3 47. Kd5 bxc4 48. bxc4 Bf4 49. c5 Ke7 50. Kc6 Be3 51. Kb6 Ke6 52. Kc6 Ke7 53. Kd5 Bf4 54. a4 Kd7 55. c6+ Kc7 56. Nd4 Bd2 57. Ne6+ Kc8 58. g6 Bh6 59. Kd6 1-0

[Event "ESP-chT2 Gr2"]
[Site "Burguillos"]
[Date "2009.08.06"]
[Round "2"]
[White "Inigo Munoz, Javier"]
[Black "Ivanovitch, Nicholas Michael"]
[Result "1/2-1/2"]
[WhiteElo "2155"]
[BlackElo "2196"]
[PlyCount "29"]
[EventDate "2009.08.05"]
[EventType "team-swiss"]
[EventRounds "6"]
[EventCountry "ESP"]
[SourceTitle "CBM 131 Extra"]
[Source "ChessBase"]
[SourceDate "2009.09.03"]
[SourceVersion "2"]
[SourceVersionDate "2009.09.16"]
[SourceQuality "1"]

1. d4 Nf6 2. e3 c5 3. Bd3 g6 4. Nd2 cxd4 5. exd4 Bg7 6. f4 d6 7. c3 0-0 8. Ngf3 Nc6 9. 0-0 e5 10. fxe5 dxe5 11. Nxe5 Nxe5 12. dxe5 Qb6+ 13. Kh1 Ng4 14. Qe2 Nxe5 15. Nc4 1/2-1/2

[Event "ESP-chT2 Gr2"]
[Site "Burguillos"]
[Date "2009.08.05"]
[Round "1"]
[White "Ivanovitch, Nicholas Michael"]
[Black "Alvarez Abejon, Amilcar"]
[Result "1-0"]
[WhiteElo "2196"]
[BlackElo "2063"]
[PlyCount "59"]
[EventDate "2009.08.05"]
[EventType "team-swiss"]
[EventRounds "6"]
[EventCountry "ESP"]
[SourceTitle "CBM 131 Extra"]
[Source "ChessBase"]
[SourceDate "2009.09.03"]
[SourceVersion "2"]
[SourceVersionDate "2009.09.16"]
[SourceQuality "1"]

1. e4 e6 2. d4 d5 3. exd5 exd5 4. Nf3 Bd6 5. c4 Nf6 6. Nc3 0-0 7. Bd3 Re8+ 8. Be3 Nc6 9. 0-0 Bg4 10. a3 Bf8 11. b4 Qd7 12. h3 Bf5 13. Rc1 Bxd3 14. Qxd3 dxc4 15. Qxc4 a6 16. Rfd1 Bd6 17. Qd3 h6 18. Nd2 Ne7 19. Nde4 Nxe4 20. Qxe4 c6 21. Qf3 a5 22. d5 axb4 23. dxc6 Qf5 24. cxb7 Qxf3 25. gxf3 Rab8 26. Rxd6 bxc3 27. Rd7 Rbd8 28. Rxd8 Rxd8 29. Rxc3 Rb8 30. Rb3 1-0

[Event "Parla 25 Jubilee op"]
[Site "Parla"]
[Date "2008.09.10"]
[Round "5"]
[White "Perez Cameselle, Francisco Jose"]
[Black "Ivanovitch, Nicholas Michael"]
[Result "0-1"]
[WhiteElo "2017"]
[BlackElo "2149"]
[PlyCount "70"]
[EventDate "2008.09.06"]
[EventType "swiss"]
[EventRounds "9"]
[EventCountry "ESP"]
[SourceTitle "CBM 126 Extra"]
[Source "ChessBase"]
[SourceDate "2008.11.05"]
[SourceVersion "1"]
[SourceVersionDate "2008.11.05"]
[SourceQuality "1"]

1. Nf3 Nf6 2. g3 c5 3. Bg2 Nc6 4. d3 d5 5. Nbd2 Bg4 6. h3 Bh5 7. 0-0 e6 8. c3 Be7 9. Qc2 h6 10. e4 Bg6 11. Re1 0-0 12. Qb3 Qc7 13. exd5 Nxd5 14. Bf1 Rfd8 15. Nc4 Bf6 16. Ne3 Nxe3 17. Bxe3 Bxd3 18. Bxc5 Ne5 19. Nxe5 Bxe5 20. Bd4 Bxd4 21. cxd4 Bxf1 22. Rxf1 Rxd4 23. Rac1 Qb6 24. Qxb6 axb6 25. Rfd1 Rxd1+ 26. Rxd1 Rxa2 27. Rd2 g5 28. g4 Ra1+ 29. Kg2 b5 30. Kf3 Rh1 31. Kg2 Rb1 32. Kf3 Kg7 33. Ke4 Kf6 34. Kd4 Rc1 35. b3 b4 0-1

[Event "ESP-ch Universities"]
[Site "Madrid"]
[Date "2008.05.08"]
[Round "2"]
[White "Ivanovitch, Nicholas Michael"]
[Black "Rabadan Velasco, Raul"]
[Result "0-1"]
[WhiteElo "2141"]
[BlackElo "2309"]
[PlyCount "46"]
[EventDate "2008.05.08"]
[EventType "swiss"]
[EventRounds "9"]
[EventCountry "ESP"]
[SourceTitle "CBM 124 Extra"]
[Source "ChessBase"]
[SourceDate "2008.07.03"]
[SourceVersion "1"]
[SourceVersionDate "2008.07.03"]
[SourceQuality "1"]

1. e4 e6 2. d4 d5 3. exd5 exd5 4. Nf3 Bd6 5. c4 dxc4 6. Bxc4 Nf6 7. 0-0 0-0 8. Nc3 h6 9. Re1 Nc6 10. h3 Bf5 11. a3 a6 12. b4 Re8 13. Be3 Qd7 14. Qb3 Re7 15. Nd5 Nxd5 16. Bxd5 Rae8 17. Rad1 Nd8 18. Ne5 Qc8 19. Bf4 c6 20. Bc4 b5 21. Bf1 Kh8 22. Rc1 f6 23. Nxc6 Rxe1 0-1

[Event "Moratalaz op 20th"]
[Site "Madrid"]
[Date "2007.09.22"]
[Round "8"]
[White "Tejedor Ariza, Francisco"]
[Black "Ivanovitch, Nicholas Michael"]
[Result "0-1"]
[WhiteElo "1952"]
[BlackElo "2151"]
[PlyCount "108"]
[EventDate "2007.09.15"]
[EventType "swiss"]
[EventRounds "9"]
[EventCountry "ESP"]
[SourceTitle "EXT 2008"]
[Source "ChessBase"]
[SourceDate "2007.11.25"]
[SourceVersion "1"]
[SourceVersionDate "2007.11.25"]
[SourceQuality "1"]

1. e4 e5 2. Nf3 Nc6 3. Bb5 a6 4. Bxc6 dxc6 5. d4 exd4 6. Qxd4 Qxd4 7. Nxd4 Bd7 8. Nc3 0-0-0 9. Be3 Ne7 10. 0-0-0 c5 11. Nf3 Nc6 12. Ng5 Be8 13. Rxd8+ Nxd8 14. Rd1 f6 15. Nh3 Bd6 16. Nf4 Bc6 17. f3 Re8 18. g4 Nf7 19. Kd2 Ne5 20. Ke2 Nc4 21. b3 Nxe3 22. Kxe3 Be5 23. Nce2 g6 24. Nd3 Bd6 25. Kf2 b6 26. Ng3 Bb5 27. a4 Bd7 28. h4 c4 29. Nb2 cxb3 30. cxb3 Be6 31. Nc4 Bc5+ 32. Ke2 b5 33. axb5 axb5 34. Na5 Bb6 35. b4 Bxa5 36. bxa5 Kb7 37. Ke3 Ka6 38. Rc1 Re7 39. Ne2 Bc4 40. h5 gxh5 41. gxh5 Bxe2 42. Kxe2 Kxa5 43. Kd3 Kb6 44. Rg1 Re5 45. Rh1 Rg5 46. Kd4 c5+ 47. Ke3 b4 48. Kd3 Kb5 49. h6 c4+ 50. Kd4 c3 51. f4 Rc5 52. e5 fxe5+ 53. fxe5 c2 54. Kd3 c1Q 0-1

[Event "Moratalaz op 20th"]
[Site "Madrid"]
[Date "2007.09.20"]
[Round "6"]
[White "Elissalt Cardenas, Hector"]
[Black "Ivanovitch, Nicholas Michael"]
[Result "1-0"]
[WhiteElo "2329"]
[BlackElo "2151"]
[PlyCount "51"]
[EventDate "2007.09.15"]
[EventType "swiss"]
[EventRounds "9"]
[EventCountry "ESP"]
[SourceTitle "EXT 2008"]
[Source "ChessBase"]
[SourceDate "2007.11.25"]
[SourceVersion "1"]
[SourceVersionDate "2007.11.25"]
[SourceQuality "1"]

1. d4 Nf6 2. Nf3 c5 3. e3 g6 4. c3 Qc7 5. Nbd2 Bg7 6. Bd3 d6 7. 0-0 0-0 8. e4 Nbd7 9. d5 c4 10. Bc2 e6 11. dxe6 fxe6 12. Nd4 Nb6 13. a4 e5 14. a5 Bg4 15. axb6 axb6 16. Rxa8 Bxd1 17. Ne6 Qf7 18. Nxf8 Bxc2 19. Ne6+ Ne8 20. Ng5 Qe7 21. Nxc4 Bf8 22. Nxb6 Nc7 23. Nd5 Nxd5 24. exd5 Bf5 25. Ne6 Bxe6 26. Bh6 1-0

[Event "Collado Villalba op 24th"]
[Site "Collado Villalba"]
[Date "2007.08.27"]
[Round "5"]
[White "Mazzilli, Piero"]
[Black "Ivanovitch, Nicholas Michael"]
[Result "1-0"]
[WhiteElo "2305"]
[BlackElo "2151"]
[PlyCount "84"]
[EventDate "2007.08.23"]
[EventType "swiss"]
[EventRounds "9"]
[EventCountry "ESP"]
[SourceTitle "EXT 2008"]
[Source "ChessBase"]
[SourceDate "2007.11.25"]
[SourceVersion "1"]
[SourceVersionDate "2007.11.25"]
[SourceQuality "1"]

1. e4 e5 2. Nf3 Nc6 3. Bb5 a6 4. Ba4 Nf6 5. 0-0 Bc5 6. c3 b5 7. Bb3 d6 8. d4 Bb6 9. a4 Bg4 10. Bg5 Rb8 11. Bd5 Ne7 12. dxe5 dxe5 13. Bxf7+ Kxf7 14. Nxe5+ Ke6 15. Qxd8 Rbxd8 16. Bxf6 Be2 17. Bxe7 Bxf1 18. Bxd8 Rxd8 19. Kxf1 Kxe5 20. Ke2 Kxe4 21. Nd2+ Kd5 22. f3 Rd6 23. a5 Re6+ 24. Ne4 Bc5 25. Rd1+ Kc6 26. b4 Be7 27. Ke3 Rh6 28. h3 Rg6 29. Rd2 Bd6 30. f4 Re6 31. Kf3 Re7 32. g4 Re8 33. Nxd6 cxd6 34. Re2 Rc8 35. f5 Kd7 36. Re3 Rc4 37. g5 Kd8 38. f6 gxf6 39. gxf6 Rc7 40. Kf4 Rf7 41. Kf5 Kd7 42. Rg3 d5 1-0

[Event "Collado Villalba op 24th"]
[Site "Collado Villalba"]
[Date "2007.08.25"]
[Round "3"]
[White "Ivanovitch, Nicholas Michael"]
[Black "Avendano Mateos, Ivan Jose"]
[Result "1-0"]
[WhiteElo "2151"]
[BlackElo "1998"]
[PlyCount "76"]
[EventDate "2007.08.23"]
[EventType "swiss"]
[EventRounds "9"]
[EventCountry "ESP"]
[SourceTitle "EXT 2008"]
[Source "ChessBase"]
[SourceDate "2007.11.25"]
[SourceVersion "1"]
[SourceVersionDate "2007.11.25"]
[SourceQuality "1"]

1. e4 c6 2. d4 d5 3. exd5 cxd5 4. c4 Nf6 5. Nc3 Nc6 6. Nf3 e6 7. cxd5 Nxd5 8. Bd3 Be7 9. 0-0 Bf6 10. Be4 Nxc3 11. bxc3 0-0 12. Re1 Qa5 13. Qc2 g6 14. Rb1 Rd8 15. Bf4 Kg7 16. Ne5 Nxe5 17. dxe5 Be7 18. Re3 Rb8 19. g4 b5 20. Qc1 Qa3 21. Qf1 g5 22. Rh3 Rh8 23. Be3 Ba6 24. Bxa7 Rbd8 25. Bd3 Rd5 26. c4 bxc4 27. Be4 c3 28. Qe1 Rd2 29. Qc1 Qxc1+ 30. Rxc1 Bb4 31. Be3 Rxa2 32. Bxg5 Kf8 33. Rd1 Rd2 34. Rb1 Rb2 35. Rxb2 cxb2 36. Rb3 Be7 37. Bh6+ Ke8 38. Rb8+ Bd8 1-0

[Event "ESP-ch Student"]
[Site "Cartagena"]
[Date "2007.05.10"]
[Round "9"]
[White "Romon Poves, Raul"]
[Black "Ivanovitch, Nicholas Michael"]
[Result "1/2-1/2"]
[WhiteElo "2216"]
[BlackElo "2151"]
[PlyCount "43"]
[EventDate "2007.05.06"]
[EventType "swiss"]
[EventRounds "9"]
[EventCountry "ESP"]
[SourceTitle "CBM 118 Extra"]
[Source "ChessBase"]
[SourceDate "2007.07.04"]
[SourceVersion "1"]
[SourceVersionDate "2007.07.04"]
[SourceQuality "1"]

1. d4 Nf6 2. c4 Nc6 3. Nf3 e6 4. a3 g6 5. Nc3 d6 6. g3 Bg7 7. Bg2 0-0 8. 0-0 e5 9. dxe5 dxe5 10. Bg5 Be6 11. Qa4 h6 12. Rad1 Qe7 13. Bxf6 Bxf6 14. Nd2 Nd8 15. Nde4 Bg7 16. Nd5 Bxd5 17. cxd5 f5 18. d6 cxd6 19. Nxd6 e4 20. Nc4 Nc6 21. Rd5 Rad8 22. Rfd1 1/2-1/2

[Event "ESP-ch Student"]
[Site "Cartagena"]
[Date "2007.05.07"]
[Round "1"]
[White "Castro Couceiro, Silvia"]
[Black "Ivanovitch, Nicholas Michael"]
[Result "0-1"]
[WhiteElo "1873"]
[BlackElo "2151"]
[PlyCount "42"]
[EventDate "2007.05.06"]
[EventType "swiss"]
[EventRounds "9"]
[EventCountry "ESP"]
[SourceTitle "CBM 118 Extra"]
[Source "ChessBase"]
[SourceDate "2007.07.04"]
[SourceVersion "1"]
[SourceVersionDate "2007.07.04"]
[SourceQuality "1"]

1. Nf3 Nf6 2. b4 d5 3. Bb2 c6 4. e3 Bg4 5. Be2 Nbd7 6. 0-0 Bxf3 7. Bxf3 e5 8. a3 Bd6 9. d3 0-0 10. Nd2 Re8 11. c4 a5 12. Qb3 e4 13. dxe4 dxe4 14. Be2 Qc7 15. c5 Bxh2+ 16. Kh1 Be5 17. Nc4 a4 18. Qc2 Re6 19. Rad1 Nd5 20. Nxe5 Nxe5 21. Qxe4 Rh6+ 0-1

[Event "ESP-ch Student"]
[Site "Cartagena"]
[Date "2007.05.07"]
[Round "2"]
[White "Ivanovitch, Nicholas Michael"]
[Black "Garcia Castro, Pablo"]
[Result "0-1"]
[WhiteElo "2151"]
[BlackElo "2379"]
[PlyCount "54"]
[EventDate "2007.05.06"]
[EventType "swiss"]
[EventRounds "9"]
[EventCountry "ESP"]
[SourceTitle "CBM 118 Extra"]
[Source "ChessBase"]
[SourceDate "2007.07.04"]
[SourceVersion "1"]
[SourceVersionDate "2007.07.04"]
[SourceQuality "1"]

1. e4 d6 2. d4 Nf6 3. Nc3 Nbd7 4. Nf3 e5 5. Be2 Be7 6. 0-0 0-0 7. Re1 c6 8. h3 b5 9. Bd3 Bb7 10. Qe2 Re8 11. dxe5 dxe5 12. Bg5 Qc7 13. Rad1 Nf8 14. Nh4 Ne6 15. Bxf6 Bxf6 16. Nf5 g6 17. Ne3 Bg5 18. Qf3 h5 19. Qg3 Qe7 20. Nf5 gxf5 21. exf5 Ng7 22. f6 Bxf6 23. Ne4 Rad8 24. Qf3 Bg5 25. Ng3 c5 26. Be4 Bxe4 27. Qxe4 h4 0-1

[Event "Moratalaz op 19th"]
[Site "Madrid"]
[Date "2006.09.19"]
[Round "2"]
[White "Ramos Rodriguez, Francisco"]
[Black "Ivanovitch, Nicholas Michael"]
[Result "0-1"]
[WhiteElo "1835"]
[BlackElo "2140"]
[PlyCount "88"]
[EventDate "2006.09.18"]
[EventType "swiss"]
[EventRounds "9"]
[EventCountry "ESP"]
[SourceTitle "CBM 114 Extra"]
[Source "ChessBase"]
[SourceDate "2006.11.03"]
[SourceVersion "1"]
[SourceVersionDate "2006.11.03"]
[SourceQuality "1"]

1. e4 c5 2. Nf3 e6 3. Nc3 a6 4. d4 cxd4 5. Nxd4 b5 6. a3 Bb7 7. Be3 Qc7 8. Bd3 Nf6 9. h3 d5 10. exd5 Nxd5 11. Nxd5 Bxd5 12. 0-0 Be7 13. Qg4 Bf6 14. c3 Nd7 15. Nf3 Qb7 16. Bg5 Bxg5 17. Qxg5 Bxf3 18. gxf3 Qxf3 19. Qe3 Qxe3 20. fxe3 Nc5 21. Bc2 Ke7 22. Rf2 Rad8 23. b4 Nd3 24. Re2 Rd5 25. a4 Rc8 26. axb5 axb5 27. Ra7+ Kf8 28. Bxd3 Rxd3 29. Rf2 f6 30. Rg2 g5 31. Rxh7 Rcxc3 32. Ra2 Ra3 33. Rc2 Kg8 34. Rcc7 Ra2 35. Rhg7+ Kf8 36. Rgd7 Rxd7 37. Rxd7 Rb2 38. Rd4 Kf7 39. h4 gxh4 40. Rxh4 e5 41. Rg4 Ke6 42. Rh4 Kd5 43. e4+ Ke6 44. Rh8 Rxb4 0-1

[Event "ESP-ch U18"]
[Site "Banos de Montemayor"]
[Date "2006.07.12"]
[Round "7"]
[White "Larino Nieto, David"]
[Black "Ivanovitch, Nicholas Michael"]
[Result "1-0"]
[WhiteElo "2371"]
[BlackElo "2140"]
[PlyCount "67"]
[EventDate "2006.07.08"]
[EventType "swiss"]
[EventRounds "9"]
[EventCountry "ESP"]
[SourceTitle "EXT 2007"]
[Source "ChessBase"]
[SourceDate "2006.11.23"]
[SourceVersion "1"]
[SourceVersionDate "2006.11.23"]
[SourceQuality "1"]

1. e4 c5 2. d3 Nc6 3. g3 g6 4. Bg2 Bg7 5. Nc3 e6 6. Be3 Nd4 7. Nce2 d6 8. c3 Nxe2 9. Nxe2 Ne7 10. 0-0 0-0 11. Qd2 Re8 12. Bh6 Bh8 13. h4 Nc6 14. f4 f5 15. g4 Qxh4 16. Bg5 Qxg4 17. Kh2 Ne5 18. fxe5 Bxe5+ 19. Kg1 fxe4 20. d4 cxd4 21. cxd4 Bg3 22. Qc3 Qxg5 23. Nxg3 d5 24. Qc7 Qe7 25. Rac1 Bd7 26. Qe5 Rac8 27. Rxc8 Rxc8 28. Bxe4 dxe4 29. Nxe4 Rf8 30. Nf6+ Rxf6 31. Rxf6 Qb4 32. Rf2 Qe7 33. d5 Qh4 34. Qb8+ 1-0

[Event "ESP-ch U18"]
[Site "Banos de Montemayor"]
[Date "2006.07.10"]
[Round "4"]
[White "Ivanovitch, Nicholas Michael"]
[Black "Valmana Canto, Jaime"]
[Result "0-1"]
[WhiteElo "2140"]
[BlackElo "2284"]
[PlyCount "60"]
[EventDate "2006.07.08"]
[EventType "swiss"]
[EventRounds "9"]
[EventCountry "ESP"]
[SourceTitle "EXT 2007"]
[Source "ChessBase"]
[SourceDate "2006.11.23"]
[SourceVersion "1"]
[SourceVersionDate "2006.11.23"]
[SourceQuality "1"]

1. e4 c5 2. Nf3 Nc6 3. d4 cxd4 4. Nxd4 Nf6 5. Nc3 e5 6. Ndb5 d6 7. Bg5 a6 8. Na3 b5 9. Nab1 Be6 10. a4 b4 11. Bxf6 gxf6 12. Nd5 Nd4 13. c3 Bxd5 14. exd5 bxc3 15. bxc3 Qa5 16. Bd3 Rg8 17. 0-0 Qxd5 18. f3 Nc6 19. Bxh7 Qc5+ 20. Kh1 Rh8 21. Be4 Rc8 22. Qd3 Ne7 23. Bb7 Rb8 24. Bxa6 Bh6 25. Bb5+ Kf8 26. Rd1 Bf4 27. h3 Qf2 28. Bd7 f5 29. Bxf5 Nxf5 30. Qxf5 Rg8 0-1

[Event "ESP-ch U18"]
[Site "Mondariz"]
[Date "2005.09.29"]
[Round "5"]
[White "Oms Fuentes, Lluis"]
[Black "Ivanovitch, Nicholas Michael"]
[Result "1/2-1/2"]
[WhiteElo "2281"]
[BlackElo "2117"]
[PlyCount "93"]
[EventDate "2005.09.27"]
[EventType "swiss"]
[EventRounds "9"]
[EventCountry "ESP"]
[SourceTitle "CBM 108 Extra"]
[Source "ChessBase"]
[SourceDate "2005.11.04"]
[SourceVersion "1"]
[SourceVersionDate "2005.11.04"]
[SourceQuality "1"]

1. e4 c5 2. Nc3 a6 3. a4 b6 4. g3 Bb7 5. Bg2 e6 6. Nge2 d6 7. 0-0 Be7 8. d4 cxd4 9. Nxd4 Nd7 10. f4 Ngf6 11. e5 Bxg2 12. exf6 Bxf1 13. fxe7 Qc7 14. Qxf1 Nf6 15. Qf3 Rc8 16. Bd2 Qxe7 17. Nf5 Qc7 18. Nd4 0-0 19. Nb3 b5 20. axb5 axb5 21. Rc1 Qc4 22. Qe2 b4 23. Qxc4 Rxc4 24. Nd1 Nd5 25. c3 bxc3 26. bxc3 Ra8 27. Kf2 Ra2 28. Ke2 Nb6 29. Rb1 Rc8 30. Nc1 Ra6 31. Ne3 Kf8 32. Kd3 d5 33. Ne2 Nd7 34. Rb2 Nc5+ 35. Kc2 Ne4 36. Nd4 Ra3 37. Nb5 Ra4 38. Kd3 Rb8 39. c4 Nxd2 40. Kxd2 d4 41. Nc2 Rxc4 42. Rb3 f6 43. Ncxd4 e5 44. fxe5 fxe5 45. Kd3 Rxd4+ 46. Nxd4 Rd8 47. Rb4 1/2-1/2

[Event "Cullera op 26th"]
[Site "Cullera"]
[Date "2005.07.30"]
[Round "9.17"]
[White "Frasquet Solbes, Elias"]
[Black "Ivanovitch, Nicholas Michael"]
[Result "1/2-1/2"]
[WhiteElo "2176"]
[BlackElo "2117"]
[PlyCount "53"]
[EventDate "2005.07.21"]
[EventType "swiss"]
[EventRounds "9"]
[EventCountry "ESP"]
[SourceTitle "CBM 107 Extra"]
[Source "ChessBase"]
[SourceDate "2005.09.01"]
[SourceVersion "1"]
[SourceVersionDate "2005.09.01"]
[SourceQuality "1"]

1. Nf3 Nf6 2. g3 c5 3. Bg2 Nc6 4. 0-0 d5 5. c4 e6 6. e3 b6 7. Nc3 Bb7 8. cxd5 exd5 9. d4 Be7 10. b3 0-0 11. Bb2 Rc8 12. Ne5 Qc7 13. Rc1 cxd4 14. Nxc6 dxc3 15. Nxe7+ Qxe7 16. Bxc3 Ne4 17. Qd4 Nxc3 18. Rxc3 Rxc3 19. Qxc3 Rc8 20. Qb2 Qc5 21. Rd1 Kf8 22. Bf3 a5 23. Kg2 Qc2 24. Qd4 Qc5 25. Qf4 b5 26. Rd4 Qe7 27. Qf5 1/2-1/2

[Event "Cullera op 26th"]
[Site "Cullera"]
[Date "2005.07.28"]
[Round "7.7"]
[White "Loos, Roland"]
[Black "Ivanovitch, Nicholas Michael"]
[Result "1-0"]
[WhiteElo "2323"]
[BlackElo "2117"]
[PlyCount "57"]
[EventDate "2005.07.21"]
[EventType "swiss"]
[EventRounds "9"]
[EventCountry "ESP"]
[SourceTitle "CBM 107 Extra"]
[Source "ChessBase"]
[SourceDate "2005.09.01"]
[SourceVersion "1"]
[SourceVersionDate "2005.09.01"]
[SourceQuality "1"]

1. d4 Nf6 2. Nf3 c5 3. e3 e6 4. c4 b6 5. Nc3 Bb7 6. d5 exd5 7. cxd5 d6 8. e4 g6 9. Bd3 Bg7 10. 0-0 a6 11. a4 Nbd7 12. Bf4 Qc7 13. Nd2 0-0 14. Nc4 Ne8 15. Rb1 Rb8 16. Qe2 Bc8 17. Ne3 Ra8 18. Bg3 Bd4 19. Kh1 Ne5 20. Bc2 h5 21. Bh4 Ng7 22. f4 Ng4 23. Nc4 Rb8 24. h3 Nh6 25. f5 b5 26. axb5 axb5 27. Na3 Ba6 28. Ncxb5 Qa5 29. Bd3 1-0

[Event "Cullera op 26th"]
[Site "Cullera"]
[Date "2005.07.25"]
[Round "4.26"]
[White "Alcaraz Soriano, Angela"]
[Black "Ivanovitch, Nicholas Michael"]
[Result "0-1"]
[WhiteElo "2011"]
[BlackElo "2117"]
[PlyCount "40"]
[EventDate "2005.07.21"]
[EventType "swiss"]
[EventRounds "9"]
[EventCountry "ESP"]
[SourceTitle "CBM 107 Extra"]
[Source "ChessBase"]
[SourceDate "2005.09.01"]
[SourceVersion "1"]
[SourceVersionDate "2005.09.01"]
[SourceQuality "1"]

1. d4 Nf6 2. c4 c5 3. d5 d6 4. Nc3 a6 5. e4 e5 6. f4 exf4 7. Bxf4 Qe7 8. Bd3 Bg4 9. Nf3 Nbd7 10. 0-0 g6 11. Qa4 Bxf3 12. Rxf3 Bg7 13. Nb5 0-0 14. Nxd6 Nh5 15. Nxb7 Nxf4 16. d6 Qe5 17. Bc2 Ne2+ 18. Kh1 Nd4 19. Qxd7 Nxf3 20. gxf3 Qxb2 0-1

[Event "Banyoles op 7th"]
[Site "Banyoles"]
[Date "2004.08.20"]
[Round "5"]
[White "Etchegaray, Patrice"]
[Black "Ivanovitch, Nicholas Michael"]
[Result "1-0"]
[WhiteElo "2390"]
[BlackElo "2091"]
[PlyCount "47"]
[EventDate "2004.08.16"]
[EventType "swiss"]
[EventRounds "9"]
[EventCountry "ESP"]
[SourceTitle "EXT 2005"]
[Source "ChessBase"]
[SourceDate "2004.11.15"]
[SourceVersion "1"]
[SourceVersionDate "2004.11.15"]
[SourceQuality "1"]

1. e4 e5 2. Nf3 Nc6 3. Bb5 a6 4. Ba4 Nf6 5. 0-0 Bc5 6. c3 b5 7. Bc2 d6 8. d4 Bb6 9. h3 Bb7 10. a3 0-0 11. Be3 Re8 12. Nbd2 Nd7 13. Re1 Ne7 14. Nf1 Ng6 15. Ng3 Nf6 16. dxe5 dxe5 17. Qc1 Re7 18. Bg5 Re6 19. Nh5 Qe8 20. Bxf6 gxf6 21. Nh2 Bc5 22. Bb3 Rb6 23. Ng4 Be7 24. Nh6+ 1-0